000 00261nam a2200109Ia 4500
008 220204s9999 xx 000 0 und d
082 _a82-7
_bFEL
245 4 _aThe Recycled mad
260 _aNew York
_bWarner
_c1972
700 _aFeldstein, Albert B
942 _cBK
999 _c37526
_d37526